header

Public Library Organization: (Record no. 257807)

MARC details
000 -LEADER
fixed length control field 00497nam a22001817a 4500
003 - CONTROL NUMBER IDENTIFIER
control field OSt
005 - DATE AND TIME OF LATEST TRANSACTION
control field 20231110110622.0
008 - FIXED-LENGTH DATA ELEMENTS--GENERAL INFORMATION
fixed length control field 190926b xxu||||| |||| 00| 0 eng d
020 ## - INTERNATIONAL STANDARD BOOK NUMBER
International Standard Book Number 81700117-x
040 ## - CATALOGING SOURCE
Transcribing agency RU
050 ## - LIBRARY OF CONGRESS CALL NUMBER
Classification number Z846 .I4
Item number V58 2006
100 ## - MAIN ENTRY--PERSONAL NAME
Personal name Viswanathan, C.G.
245 ## - TITLE STATEMENT
Title Public Library Organization:
Remainder of title with special reference to India
250 ## - EDITION STATEMENT
Edition statement 4th ed
Remainder of edition statement revised
260 ## - PUBLICATION, DISTRIBUTION, ETC. (IMPRINT)
Place of publication, distribution, etc New Delhi
Name of publisher, distributor, etc Ess Ess Publications
Date of publication, distribution, etc 2005
300 ## - PHYSICAL DESCRIPTION
Extent xxi, 216p
Other physical details ill.
Dimensions 23cm
942 ## - ADDED ENTRY ELEMENTS (KOHA)
Source of classification or shelving scheme Library of Congress Classification
Koha item type Long Loan Books
Holdings
Withdrawn status Lost status Source of classification or shelving scheme Damaged status Not for loan Collection code Home library Current library Shelving location Date acquired Total Checkouts Full call number Barcode Date last seen Price effective from Koha item type
    Library of Congress Classification     Non-fiction Rongo University Library Rongo University Library General Stacks 26/09/2019   Z846.I4.V58 1961 20091093 26/09/2019 26/09/2019 Long Loan Books

© 2026 Rongo University
Contact us: librarian | system librarian | Rongo university